[Event "8th Mayors Cup Open 2015"]
[Site "Mumbai IND"]
[Date "2015.06.05"]
[Round "6.14"]
[White "Visakh, NR"]
[Black "Siva, Mahadevan"]
[Result "0-1"]
[WhiteElo "2375"]
[BlackElo "2125"]
[WhiteFideId "25012223"]
[BlackFideId "25043153"]
[EventDate "2015.06.02"]

1. d4 Nf6 2. Nf3 g6 3. g3 Bg7 4. Bg2 O-O 5. O-O d5 6. Nbd2 c6 7. c4 Bf5 8. b3
Nbd7 9. Bb2 a5 10. h3 a4 11. g4 a3 12. Bc3 Ne4 13. Qc1 Nxc3 14. Qxc3 Be4 15.
cxd5 Bxd5 16. e4 Be6 17. Rad1 c5 18. Qe3 cxd4 19. Nxd4 Bxd4 20. Qxd4 Qb6 21. Nf3
Rfc8 22. Qxb6 Nxb6 23. Nd4 g5 24. Rd2 Ra5 25. Rfd1 Rac5 26. Nf5 Bxf5 27. exf5
R8c7 28. Be4 Kg7 29. Rd4 Nc8 30. Ra4 Nd6 31. Bf3 Rc2 32. Rxa3 Rb2 33. Re1 Rcc2
34. Bh1 Rxf2 35. Ra7 Rh2 36. Re3 Rhd2 37. Re1 Rd3 38. Bxb7 Rxh3 39. Bh1 Rg3+ 40.
Kf1 Rxg4 41. Rexe7 Nxf5 42. Rxf7+ Kg6 0-1

[Event "8th Mayors Cup Open 2015"]
[Site "Mumbai IND"]
[Date "2015.06.05"]
[Round "6.15"]
[White "Chandar Raju"]
[Black "Harsha, Bharathakoti"]
[Result "0-1"]
[WhiteElo "1932"]
[BlackElo "2332"]
[WhiteFideId "25008307"]
[BlackFideId "5078776"]
[EventDate "2015.06.02"]

1. Nf3 d5 2. c4 c6 3. d4 Nf6 4. Nc3 e6 5. cxd5 exd5 6. Bg5 Be7 7. Qc2 Na6 8. a3
Nc7 9. e3 Nh5 10. Bxe7 Qxe7 11. Be2 g6 12. O-O Ng7 13. b4 a6 14. Rab1 Bf5 15.
Bd3 Bxd3 16. Qxd3 Nf5 17. Rfe1 O-O 18. e4 dxe4 19. Nxe4 Nd6 20. Nc5 Qd8 21. Ne5
Nd5 22. Qf3 Kg7 23. h3 Qf6 24. Qg4 h5 25. Qg3 Rfe8 26. Ne4 Nxe4 27. Rxe4 Qf5 28.
Rbe1 Re6 29. f3 Rae8 30. Kh1 R6e7 31. Qh4 Qf6 32. Qf2 Nc3 33. R4e3 Nb5 34. a4
Nd6 35. g4 hxg4 36. hxg4 Qf4 37. R3e2 Re6 38. Kg1 R8e7 39. Kh1 Re8 40. Kg1 R8e7
41. Kh1 Qh6+ 42. Kg2 Kg8 43. Kg3 Qg7 44. Kg2 Re8 45. Kf1 Qh6 46. Kg2 Qg7 47. Kf1
Qf6 48. Nd7 Qh8 49. Rxe6 Qh1+ 50. Ke2 Rxe6+ 51. Kd2 Nc4+ 52. Kd1 Rxe1+ 53. Qxe1
Qxf3+ 54. Kc2 Ne3+ 55. Kd2 Nxg4 56. Qe8+ Kh7 57. Ne5 Qf4+ 58. Kc2 Qe4+ 59. Kc3
Nxe5 60. dxe5 Qf3+ 61. Kb2 Qd5 62. Qe7 b6 63. Qc7 Qd4+ 64. Kb3 Qd5+ 65. Kb2 c5
66. b5 axb5 67. axb5 Qe6 68. Ka3 g5 69. Qd8 Kg6 70. Qd3+ Kg7 71. Qd8 g4 72. Qg5+
Qg6 73. Qf4 g3 74. e6 fxe6 75. Qc7+ Kh6 76. Qf4+ Kh5 77. Ka4 Qg4 0-1

[Event "8th Mayors Cup Open 2015"]
[Site "Mumbai IND"]
[Date "2015.06.05"]
[Round "6.16"]
[White "Gagunashvili, Merab"]
[Black "Vaishali, R"]
[Result "1-0"]
[WhiteTitle "GM"]
[BlackTitle "WFM"]
[WhiteElo "2600"]
[BlackElo "2256"]
[WhiteFideId "13601652"]
[BlackFideId "5091756"]
[EventDate "2015.06.02"]

1. e4 e5 2. Nf3 d6 3. Bc4 Be7 4. d4 exd4 5. Nxd4 Nf6 6. Nc3 O-O 7. O-O Re8 8.
Re1 Nbd7 9. h3 Bf8 10. Bg5 h6 11. Bh4 Ne5 12. Bb3 Ng6 13. Bg3 Bd7 14. Qd3 Ne5
15. Qd2 c5 16. Nf5 c4 17. Ba4 Bxa4 18. Nxa4 Nc6 19. Nc3 Qb6 20. Bh4 Nd7 21. Nd5
Qxb2 22. Nc7 c3 23. Qd1 Nc5 24. Nxa8 Rxa8 25. Nxd6 Nb4 26. Rc1 Bxd6 27. Qxd6
Nxe4 28. Qf4 Nd2 29. Qg4 Nxc2 30. Bf6 g6 31. Red1 b5 32. Qf4 g5 33. Qf5 b4 34.
Rxc2 Qa3 35. h4 1-0

[Event "8th Mayors Cup Open 2015"]
[Site "Mumbai IND"]
[Date "2015.06.05"]
[Round "6.18"]
[White "Ram, S. Krishnan"]
[Black "Semcesen, Daniel"]
[Result "1/2-1/2"]
[BlackTitle "GM"]
[WhiteElo "2253"]
[BlackElo "2471"]
[WhiteFideId "5010519"]
[BlackFideId "1706993"]
[EventDate "2015.06.02"]

1. e4 e5 2. Nf3 Nc6 3. Bc4 Bc5 4. c3 Nf6 5. d3 a6 6. Nbd2 Ba7 7. Bb3 d6 8. h3
O-O 9. g4 Be6 10. Nf1 d5 11. Qe2 Na5 12. Bc2 dxe4 13. dxe4 Bc4 14. Qd2 Qe7 15.
Qg5 Rfe8 16. Ne3 h6 17. Qh4 Nh7 18. Qxe7 Rxe7 19. b4 Bxe3 20. Bxe3 Nc6 21. Nd2
Be6 22. Nb3 1/2-1/2

[Event "8th Mayors Cup Open 2015"]
[Site "Mumbai IND"]
[Date "2015.06.05"]
[Round "6.19"]
[White "Deshmukh, Anup"]
[Black "Swapnil, S. Dhopade"]
[Result "0-1"]
[WhiteTitle "IM"]
[BlackTitle "IM"]
[WhiteElo "2245"]
[BlackElo "2453"]
[WhiteFideId "5000564"]
[BlackFideId "5019184"]
[EventDate "2015.06.02"]

1. c4 e5 2. Nc3 Nc6 3. e3 d6 4. d4 g6 5. Nf3 Bg7 6. Be2 exd4 7. exd4 Bg4 8. O-O
Nge7 9. Bg5 h6 10. Be3 Nf5 11. h3 Nxe3 12. fxe3 Bd7 13. Qd2 O-O 14. Rf2 Ne7 15.
Bd3 Nf5 16. Kh2 c6 17. Raf1 Qe7 18. Re2 Rae8 19. Bb1 Bc8 20. e4 Nxd4 0-1

[Event "8th Mayors Cup Open 2015"]
[Site "Mumbai IND"]
[Date "2015.06.05"]
[Round "6.20"]
[White "Praveen, Kumar C"]
[Black "Swayams, Mishra"]
[Result "1-0"]
[WhiteTitle "IM"]
[BlackTitle "IM"]
[WhiteElo "2235"]
[BlackElo "2439"]
[WhiteFideId "5007372"]
[BlackFideId "5028183"]
[EventDate "2015.06.02"]

1. d4 Nf6 2. c4 e6 3. Nc3 Bb4 4. e3 O-O 5. Ne2 c6 6. a3 Ba5 7. g3 d5 8. cxd5
cxd5 9. Bg2 Nbd7 10. O-O Bc7 11. f3 Nb6 12. e4 Bd7 13. e5 Ne8 14. a4 f6 15. f4
Nc8 16. b3 Ne7 17. Ba3 Rc8 18. Rc1 Rf7 19. Qd3 Bb6 20. Kh1 Nc7 21. Ng1 Nc6 22.
Nf3 Ba5 23. Na2 Na6 24. exf6 Rxf6 25. Ne5 Ncb4 26. Bxb4 Nxb4 27. Nxb4 Bxb4 28.
Nxd7 Qxd7 29. Qb5 1-0

[Event "8th Mayors Cup Open 2015"]
[Site "Mumbai IND"]
[Date "2015.06.05"]
[Round "6.21"]
[White "Hossain, Enamul"]
[Black "Kumar, Gaurav"]
[Result "1-0"]
[WhiteTitle "GM"]
[WhiteElo "2423"]
[BlackElo "2197"]
[WhiteFideId "10200649"]
[BlackFideId "5085578"]
[EventDate "2015.06.02"]

1. e4 c5 2. Nf3 Nc6 3. c3 Nf6 4. e5 Nd5 5. Bc4 Nb6 6. Bb3 c4 7. Bc2 Qc7 8. Qe2
g5 9. h3 Bg7 10. O-O g4 11. hxg4 Nxe5 12. Re1 d6 13. Nxe5 dxe5 14. Na3 Be6 15.
b3 O-O 16. bxc4 Qc8 17. Qd3 f5 18. Qh3 h6 19. d4 fxg4 20. Qh4 Bf5 21. Bxh6 Bxc2
22. Bxg7 Kxg7 23. Nxc2 Nxc4 24. Ne3 Qc6 25. Qxg4+ Kf7 26. Qh5+ 1-0

[Event "8th Mayors Cup Open 2015"]
[Site "Mumbai IND"]
[Date "2015.06.06"]
[Round "7.1"]
[White "Kravtsiv, Martyn"]
[Black "Kokarev, Dmitry"]
[Result "1/2-1/2"]
[WhiteTitle "GM"]
[BlackTitle "GM"]
[WhiteElo "2589"]
[BlackElo "2639"]
[WhiteFideId "14113147"]
[BlackFideId "4132181"]
[EventDate "2015.06.02"]

1. e4 c5 2. Nf3 d6 3. Bb5+ Bd7 4. Bxd7+ Qxd7 5. c4 Nf6 6. Nc3 g6 7. d4 cxd4 8.
Nxd4 Bg7 9. f3 O-O 10. Be3 a6 11. O-O Rc8 12. Na4 1/2-1/2

[Event "8th Mayors Cup Open 2015"]
[Site "Mumbai IND"]
[Date "2015.06.06"]
[Round "7.2"]
[White "Rahman, Ziaur"]
[Black "Laxman, R.R."]
[Result "0-1"]
[WhiteTitle "GM"]
[BlackTitle "GM"]
[WhiteElo "2500"]
[BlackElo "2417"]
[WhiteFideId "10200037"]
[BlackFideId "5005361"]
[EventDate "2015.06.02"]

1. Nf3 Nf6 2. g3 d5 3. Bg2 c6 4. O-O g6 5. b3 Bg7 6. Bb2 O-O 7. d3 Bg4 8. Nbd2
Nbd7 9. h3 Bxf3 10. Nxf3 Qb6 11. Rb1 Nh5 12. d4 e5 13. e3 e4 14. Nd2 f5 15. c4
Nhf6 16. Ba3 Rfe8 17. b4 Qa6 18. Qb3 b5 19. cxd5 cxd5 20. Rfc1 Qb7 21. Qd1 Nb6
22. Bf1 Nc4 23. Bb2 Qe7 24. Bc3 h5 25. h4 Ng4 26. Bh3 g5 27. Nxc4 bxc4 28. hxg5
Qxg5 29. Kg2 Re6 30. Qa4 Rg6 31. Bxg4 Qxg4 32. Qd1 Qg5 33. Qe2 h4 34. Rh1 f4 35.
exf4 Qxf4 36. Rh3 Rf8 37. b5 hxg3 38. Rxg3 e3 39. Rxg6 Qe4+ 40. Kh3 Qxg6 0-1

[Event "8th Mayors Cup Open 2015"]
[Site "Mumbai IND"]
[Date "2015.06.06"]
[Round "7.3"]
[White "Priyadharshan, K."]
[Black "Nguyen, Duc Hoa"]
[Result "1-0"]
[WhiteTitle "IM"]
[BlackTitle "GM"]
[WhiteElo "2462"]
[BlackElo "2487"]
[WhiteFideId "5018293"]
[BlackFideId "12401358"]
[EventDate "2015.06.02"]

1. e4 c5 2. Nf3 Nc6 3. d4 cxd4 4. Nxd4 Nf6 5. Nc3 e6 6. Ndb5 d6 7. Bf4 e5 8. Bg5
a6 9. Na3 b5 10. Nd5 Be7 11. Bxf6 Bxf6 12. c4 b4 13. Nc2 O-O 14. Be2 a5 15. O-O
Bg5 16. Bf3 Be6 17. Qd3 Qb8 18. b3 Qa7 19. a3 Qb7 20. g3 Rfb8 21. a4 Qa7 22.
Rad1 Rf8 23. Kh1 Rad8 24. Bg2 Nb8 25. f4 exf4 26. gxf4 Bxd5 27. cxd5 Bf6 28. Ne3
Nd7 29. Nf5 Qb6 30. Qg3 Kh8 31. Rc1 Rc8 32. Rc6 Rxc6 33. dxc6 g6 34. Nxd6 Qxc6
35. e5 Qa6 36. Qh3 Nc5 37. Bd5 Ne6 38. Bc4 Qb6 39. Nxf7+ Rxf7 40. Qxe6 Qxe6 41.
Bxe6 Re7 42. Bc4 Bh4 43. Kg2 Rd7 44. Kf3 Kg7 45. Ke3 Be7 46. Rc1 Bc5+ 47. Kf3
Kf8 48. Bb5 Rc7 49. Rd1 Ke7 50. Ke4 Ba7 51. h3 Bf2 52. Rd2 Bg1 53. Bc4 Rd7 54.
Rxd7+ Kxd7 55. Bg8 Ke7 56. Bxh7 Kf7 57. f5 gxf5+ 58. Kxf5 Bf2 59. Bg6+ Ke7 60.
Bh5 Bd4 61. Be2 Bf2 62. Bc4 Be1 63. Ke4 Bg3 64. Kd5 Kd7 65. Bb5+ Ke7 66. Kc6
Bxe5 67. Kb6 Kd6 68. Kxa5 Kc5 69. h4 1-0

[Event "8th Mayors Cup Open 2015"]
[Site "Mumbai IND"]
[Date "2015.06.06"]
[Round "7.4"]
[White "Zubov, Alexander"]
[Black "Deepan, Chakkravarthy J."]
[Result "1-0"]
[WhiteTitle "GM"]
[BlackTitle "GM"]
[WhiteElo "2612"]
[BlackElo "2497"]
[WhiteFideId "14109409"]
[BlackFideId "5011132"]
[EventDate "2015.06.02"]

1. d4 d5 2. c4 c6 3. Nf3 Nf6 4. Nc3 e6 5. e3 Nbd7 6. Qc2 Bd6 7. b3 b6 8. Bd3 Bb7
9. O-O O-O 10. Bb2 Rc8 11. Rad1 Re8 12. e4 e5 13. exd5 cxd5 14. Nb5 Bb8 15. dxe5
Nxe5 16. Bxe5 Bxe5 17. Nxa7 Ra8 18. Nxe5 Rxe5 19. Nb5 Qe7 20. a4 h5 21. Qc3 Rd8
22. Rfe1 d4 23. Qd2 h4 24. Rxe5 Qxe5 25. Re1 Qc5 26. h3 Qc6 27. Qg5 Ba6 28. Qxh4
Bxb5 29. axb5 Qd6 30. Qg3 Qb4 31. Rd1 Re8 32. Bf5 Qc5 33. Qf3 Rd8 34. g3 Kf8 35.
Qf4 Qa3 36. Qc7 Qe7 37. Qxb6 g6 38. Bd3 Kg7 39. Qa5 Re8 40. Qd2 Qd7 41. Bf1 Rd8
42. Bg2 Qc7 43. Rc1 1-0

[Event "8th Mayors Cup Open 2015"]
[Site "Mumbai IND"]
[Date "2015.06.06"]
[Round "7.5"]
[White "Karthikeyan, P."]
[Black "Aleksandrov, Aleksej"]
[Result "1/2-1/2"]
[WhiteTitle "IM"]
[BlackTitle "GM"]
[WhiteElo "2440"]
[BlackElo "2607"]
[WhiteFideId "5018226"]
[BlackFideId "13500139"]
[EventDate "2015.06.02"]

1. e4 e5 2. Nf3 Nc6 3. Nc3 Nf6 4. Bb5 Bb4 5. O-O O-O 6. d3 d6 7. Ne2 Ne7 8. c3
Ba5 9. Ng3 c6 10. Ba4 Ng6 11. d4 Re8 12. Bc2 h6 13. h3 Be6 14. Re1 Qd7 15. Be3
b5 16. Qd2 a6 17. Rad1 Rad8 18. b4 Bc7 19. a4 Bb8 20. axb5 axb5 21. dxe5 dxe5
22. Qxd7 Rxd7 23. Rxd7 Nxd7 24. Ra1 Ngf8 25. Nd2 Bd6 26. Bb3 c5 27. Bxe6 Nxe6
28. Ra7 Rd8 29. Rb7 cxb4 30. cxb4 Bxb4 31. Rxb5 Bc5 32. Nc4 1/2-1/2

[Event "8th Mayors Cup Open 2015"]
[Site "Mumbai IND"]
[Date "2015.06.06"]
[Round "7.6"]
[White "Vignesh, NR"]
[Black "Mchedlishvili, Mikheil"]
[Result "1/2-1/2"]
[BlackTitle "GM"]
[WhiteElo "2399"]
[BlackElo "2597"]
[WhiteFideId "25012215"]
[BlackFideId "13600966"]
[EventDate "2015.06.02"]

1. d4 Nf6 2. Nf3 g6 3. g3 Bg7 4. Bg2 O-O 5. O-O d6 6. c4 Nbd7 7. Nc3 e5 8. e4 c6
9. Re1 Qb6 10. Re2 exd4 11. Qxd4 Qxd4 12. Nxd4 Ne5 13. b3 Bg4 14. Re3 c5 15.
Ndb5 Ne8 16. h3 Bd7 17. a4 a6 18. Na3 Nc6 19. Bb2 Nd4 20. Nd5 Bc6 21. Rb1 Rb8
22. Rd3 Kh8 1/2-1/2

[Event "8th Mayors Cup Open 2015"]
[Site "Mumbai IND"]
[Date "2015.06.06"]
[Round "7.7"]
[White "Prasanna, Raghuram Rao"]
[Black "Smirnov, Pavel"]
[Result "0-1"]
[WhiteTitle "IM"]
[BlackTitle "GM"]
[WhiteElo "2424"]
[BlackElo "2588"]
[WhiteFideId "5022401"]
[BlackFideId "4123425"]
[EventDate "2015.06.02"]

1. d4 g6 2. c4 Bg7 3. Nc3 c5 4. Nf3 cxd4 5. Nxd4 Nc6 6. e3 Nf6 7. Be2 O-O 8. O-O
d5 9. cxd5 Nxd5 10. Nxd5 Qxd5 11. Bf3 Qc5 12. Nxc6 bxc6 13. Qa4 Rb8 14. Qxc6 Qa5
15. Rd1 Ba6 16. Qc2 Rfc8 17. Qd2 Qb6 18. a4 Rd8 19. Qe1 Bc4 20. a5 Qb3 21. Rd2
e6 22. h3 Bf6 23. Rxd8+ Rxd8 24. Ra3 Qb5 25. Ra1 a6 26. e4 Bd4 27. Bh6 Qxb2 28.
Rd1 Rb8 29. Qd2 Qxd2 30. Rxd2 Bg7 31. Bf4 e5 32. Be3 Rb1+ 33. Kh2 Bf8 34. Rd8
Kg7 35. Rc8 Bb5 36. Bb6 Bb4 37. Bc7 Bc3 38. Rb8 Rb2 39. Kg3 Ra2 40. Bd6 Bd4 41.
Kh2 Rxa5 42. Rd8 Bc4 43. g4 g5 44. h4 gxh4 45. g5 Ra2 46. Kh3 Rxf2 47. Kg4 h5+
48. gxh6+ 0-1

[Event "8th Mayors Cup Open 2015"]
[Site "Mumbai IND"]
[Date "2015.06.06"]
[Round "7.8"]
[White "Paichadze, Luka"]
[Black "Mohammad, Nubairshah Shaikh"]
[Result "1-0"]
[WhiteTitle "GM"]
[WhiteElo "2558"]
[BlackElo "2428"]
[WhiteFideId "13602934"]
[BlackFideId "5053196"]
[EventDate "2015.06.02"]

1. e4 c6 2. d4 d5 3. e5 c5 4. dxc5 e6 5. a3 Nc6 6. Nf3 Bxc5 7. b4 Bb6 8. Bb2
Nge7 9. Bd3 Ng6 10. O-O O-O 11. Re1 a5 12. b5 Nb8 13. Nbd2 Nd7 14. c4 Nc5 15.
Bf1 a4 16. Bd4 Qe7 17. Rc1 Bd7 18. Qe2 Ba7 19. Qe3 b6 20. Bc3 Rfd8 21. Bb4 Be8
22. cxd5 exd5 23. Nd4 f6 24. e6 Bb8 25. g3 Be5 26. f4 Bxd4 27. Qxd4 Rac8 28. Nf3
Qa7 29. Qf2 Ne7 30. Nd4 Rc7 31. f5 Rdc8 32. Qe3 Rd8 33. g4 h6 34. Bg2 Nc8 35.
Rc2 Kh7 36. h4 Nd6 37. g5 Nxb5 38. g6+ Kh8 39. e7 Rxe7 40. Qxe7 Qxe7 41. Rxe7
Nxd4 42. Bxc5 Nxc2 43. Bxb6 Rb8 44. Bxd5 Bb5 45. Bc5 Rc8 46. Rf7 Bd3 47. Be6 Rb8
48. Bd6 Re8 49. Bf8 Nd4 50. Bxg7+ Kg8 51. Re7+ Nxe6 52. Rxe8+ Kxg7 53. Re7+ Kg8
54. Rxe6 Bxf5 55. Rxf6 Bg4 56. Rf4 Bd1 57. Rd4 Bb3 58. h5 Kg7 59. Rb4 Bd1 60.
Rb5 Kf6 61. Kf2 1-0

[Event "8th Mayors Cup Open 2015"]
[Site "Mumbai IND"]
[Date "2015.06.06"]
[Round "7.9"]
[White "Harsha, Bharathakoti"]
[Black "Debashis, Das"]
[Result "1-0"]
[BlackTitle "GM"]
[WhiteElo "2332"]
[BlackElo "2508"]
[WhiteFideId "5078776"]
[BlackFideId "5024854"]
[EventDate "2015.06.02"]

1. c4 Nf6 2. g3 g6 3. Bg2 Bg7 4. Nc3 O-O 5. e4 c5 6. Nge2 Nc6 7. O-O d6 8. d3
Rb8 9. h3 a6 10. a4 Ne8 11. Be3 Nc7 12. d4 cxd4 13. Nxd4 Ne6 14. Nde2 Bd7 15. f4
Na5 16. b3 b5 17. axb5 axb5 18. f5 Nc5 19. Rxa5 Qxa5 20. Nd5 Qd8 21. b4 Na4 22.
f6 exf6 23. Bd4 Nb6 24. Bxf6 Nxd5 25. Bxd8 Ne3 26. Qd3 Nxf1 27. Bc7 Ra8 28. Bxf1
Ra1 29. Kg2 bxc4 30. Qxc4 Rc8 31. Nf4 Rca8 32. Bxd6 R8a2+ 33. Be2 g5 34. Qc7 Ra8
35. Qxd7 gxf4 36. Bc4 R1a7 37. Qg4 h5 38. Qxh5 fxg3 39. Kxg3 Rc8 40. Bc5 Rac7
41. Qg5 Kh8 42. Qh5+ Kg8 43. Bd5 Re8 44. Kf4 1-0

[Event "8th Mayors Cup Open 2015"]
[Site "Mumbai IND"]
[Date "2015.06.06"]
[Round "7.10"]
[White "Siva, Mahadevan"]
[Black "Azaladze, Shota"]
[Result "1/2-1/2"]
[BlackTitle "IM"]
[WhiteElo "2125"]
[BlackElo "2499"]
[WhiteFideId "25043153"]
[BlackFideId "13603027"]
[EventDate "2015.06.02"]

1. e4 g6 2. d4 Bg7 3. Nc3 c6 4. f4 d5 5. e5 Nh6 6. Nf3 Bg4 7. h3 Bxf3 8. Qxf3 f6
9. g4 fxe5 10. fxe5 e6 11. h4 Nd7 12. Qh3 Nf7 13. g5 Qe7 14. Ne2 O-O-O 15. Nf4
Nf8 16. Qa3 Qxa3 17. bxa3 h6 18. Bh3 Re8 19. O-O Nd8 20. Kg2 hxg5 21. hxg5 Rg8
22. Kg3 Nh7 23. Nd3 Bf8 24. Ne1 Be7 25. Nf3 Kd7 26. a4 Nf7 27. Rb1 b6 28. Kg4
Rc8 1/2-1/2

[Event "8th Mayors Cup Open 2015"]
[Site "Mumbai IND"]
[Date "2015.06.06"]
[Round "7.11"]
[White "Swapnil, S. Dhopade"]
[Black "Puranik, Abhimanyu"]
[Result "1-0"]
[WhiteTitle "IM"]
[BlackTitle "CM"]
[WhiteElo "2453"]
[BlackElo "2307"]
[WhiteFideId "5019184"]
[BlackFideId "5061245"]
[EventDate "2015.06.02"]

1. d4 Nf6 2. c4 g6 3. Nc3 d5 4. Nf3 Bg7 5. cxd5 Nxd5 6. e4 Nxc3 7. bxc3 O-O 8.
Be2 c5 9. O-O Nc6 10. Be3 Qc7 11. d5 Na5 12. Rc1 e5 13. Nd2 b6 14. Nc4 Nxc4 15.
Bxc4 Qd6 16. Qa4 a6 17. Qc6 Qxc6 18. dxc6 Bf6 19. Bd5 Be6 20. Rb1 Bd8 21. a4 Re8
22. c4 a5 23. Rfd1 Bc7 24. Bh6 Rac8 25. f3 Rb8 26. Kf2 Rbc8 27. h4 Bd8 28. g3
Rb8 29. Rd3 Bc7 30. Rbd1 Rbc8 31. Kg2 Rb8 32. g4 Rbc8 33. Kf2 Rb8 34. h5 Rbc8
35. Ke2 Rb8 36. Bg5 Kg7 37. h6+ Kf8 38. Bf6 Rbc8 39. g5 Bh3 40. Ke3 Be6 41. R1d2
Bh3 42. Kf2 Be6 43. Rd1 Bh3 44. Kg3 Be6 45. R1d2 Rb8 46. Rd1 Rbc8 47. R3d2 Ra8
48. Kf2 Rac8 49. Ke3 Bh3 50. Rd3 Be6 51. Kf2 Ra8 52. Ke2 Rac8 53. R3d2 Bh3 54.
Ke3 Be6 55. Rd3 Bh3 56. Ke2 Be6 57. Kf1 Bh3+ 58. Kg1 Be6 59. Kh2 Ra8 60. Kg3
Rac8 61. Kh4 Ra8 62. Bg7+ Ke7 63. Bxe6 Kxe6 64. Bf6 Rac8 65. Rd7 Bb8 66. Rb7 Bd6
67. Rxb6 Rb8 68. Rb5 Rec8 69. Kg4 Ra8 70. f4 exf4 71. e5 Be7 72. Bxe7 Kxe7 73.
Rd7+ Ke6 74. Kxf4 Rab8 75. Rdb7 Ra8 76. Rd7 Rxc6 77. Rbb7 1-0

[Event "8th Mayors Cup Open 2015"]
[Site "Mumbai IND"]
[Date "2015.06.06"]
[Round "7.12"]
[White "Praneeth, Surya K."]
[Black "Gagunashvili, Merab"]
[Result "1/2-1/2"]
[WhiteTitle "FM"]
[BlackTitle "GM"]
[WhiteElo "2305"]
[BlackElo "2600"]
[WhiteFideId "5091411"]
[BlackFideId "13601652"]
[EventDate "2015.06.02"]

1. e4 c5 2. Nf3 e6 3. d4 cxd4 4. Nxd4 Nc6 5. Nc3 Qc7 6. Be3 Nf6 7. f4 Bb4 8. Nb5
Qa5 9. e5 Nd5 10. Bd2 Nxc3 11. Bxc3 O-O 12. Qd2 Bxc3 13. Qxc3 Qxc3+ 14. Nxc3 f6
15. exf6 Rxf6 16. g3 d5 17. O-O-O Bd7 18. h4 Be8 19. h5 Ne7 20. Bd3 Rc8 21. Rh2
a6 22. Re1 Nc6 23. Be2 Bf7 24. Bg4 Rc7 25. Rd2 Kf8 26. Nd1 Rh6 27. Nf2 Re7 28.
Rh1 e5 29. fxe5 Nxe5 30. Bd1 Rf6 31. Nh3 Nc4 32. Rd3 Re3 33. Nf4 Rxd3 34. cxd3
Ne3 35. Kd2 Nf5 36. Ne2 d4 37. g4 Ne3 38. Nxd4 Nxd1 39. Kxd1 Rf4 40. Nf5 Bxa2
41. Ne3 Be6 42. g5 Rf2 43. b4 Rf4 44. h6 Rxb4 45. Kd2 g6 46. Rc1 Rb2+ 47. Kc3
Rb5 48. Kd4 Ke7 49. Rc7+ Bd7 50. Rc5 Rb4+ 51. Rc4 Rxc4+ 52. dxc4 Be6 53. c5 a5
54. Ke5 a4 55. Nc2 Bc4 56. Na3 Bd3 57. Kd4 Bf5 58. Ke5 Be6 59. Nc2 Bc8 60. Na3
Bf5 61. Nc4 1/2-1/2

[Event "8th Mayors Cup Open 2015"]
[Site "Mumbai IND"]
[Date "2015.06.06"]
[Round "7.13"]
[White "Hemant, Sharma2"]
[Black "Hossain, Enamul"]
[Result "1/2-1/2"]
[BlackTitle "GM"]
[WhiteElo "2266"]
[BlackElo "2423"]
[WhiteFideId "5025842"]
[BlackFideId "10200649"]
[EventDate "2015.06.02"]

1. e4 c5 2. Nc3 a6 3. g3 b5 4. Bg2 Bb7 5. d3 e6 6. Nge2 Nf6 7. O-O d6 8. h3 Qc7
9. Be3 Nc6 10. Qd2 Be7 11. f4 b4 12. Na4 h5 13. c3 a5 14. e5 Nd7 15. d4 bxc3 16.
Naxc3 dxe5 17. dxe5 1/2-1/2

[Event "8th Mayors Cup Open 2015"]
[Site "Mumbai IND"]
[Date "2015.06.06"]
[Round "7.14"]
[White "Praveen, Kumar C"]
[Black "Nitin, S."]
[Result "0-1"]
[WhiteTitle "IM"]
[BlackTitle "IM"]
[WhiteElo "2235"]
[BlackElo "2357"]
[WhiteFideId "5007372"]
[BlackFideId "5018277"]
[EventDate "2015.06.02"]

1. d4 Nf6 2. c4 g6 3. Nc3 Bg7 4. e4 d6 5. Nf3 O-O 6. Be2 e5 7. O-O Nbd7 8. Re1
a6 9. Bf1 exd4 10. Nxd4 Re8 11. f3 c6 12. Be3 Ne5 13. Qd2 b5 14. cxb5 axb5 15.
a3 Bb7 16. Rad1 Nfd7 17. Qc1 Nc4 18. Bf2 Nde5 19. h3 h5 20. f4 Bh6 21. b3 Nxa3
22. Be3 Nd7 23. Nf3 b4 24. Na2 Rxe4 25. Ng5 Bxg5 26. fxg5 Ne5 27. Qd2 c5 28. Qf2
Qe7 29. Bf4 Nc2 30. Rxe4 Bxe4 31. Nc1 Ra1 32. Qg3 Rb1 33. Kh2 Nd4 34. Re1 h4 35.
Qf2 d5 36. Kh1 Qe6 37. Bxe5 Qxe5 38. Nd3 Bxd3 0-1

[Event "8th Mayors Cup Open 2015"]
[Site "Mumbai IND"]
[Date "2015.06.06"]
[Round "7.15"]
[White "Rohan, Ahuja"]
[Black "Kulkarni, Rakesh"]
[Result "1/2-1/2"]
[WhiteElo "2218"]
[BlackElo "2353"]
[WhiteFideId "5090598"]
[BlackFideId "5037077"]
[EventDate "2015.06.02"]

1. Nf3 Nf6 2. g3 d5 3. Bg2 c6 4. c4 Bf5 5. Qb3 Qb6 6. cxd5 Qxb3 7. axb3 cxd5 8.
Nc3 Nc6 9. d3 a6 10. O-O e6 11. Be3 Nd7 12. Rfc1 Be7 13. Nd4 Nxd4 14. Bxd4 O-O
15. e4 dxe4 16. dxe4 Bg6 17. e5 1/2-1/2

[Event "8th Mayors Cup Open 2015"]
[Site "Mumbai IND"]
[Date "2015.06.06"]
[Round "7.16"]
[White "Sanjay, N."]
[Black "Ashwath, R."]
[Result "1-0"]
[WhiteElo "2310"]
[BlackElo "2216"]
[WhiteFideId "5003075"]
[BlackFideId "5021049"]
[EventDate "2015.06.02"]

1. c4 e6 2. Nc3 d5 3. d4 Bb4 4. e3 Nf6 5. a3 Bxc3+ 6. bxc3 O-O 7. cxd5 exd5 8.
Bd3 c5 9. Ne2 b6 10. O-O Ba6 11. f3 Re8 12. Ng3 Qc8 13. Bf5 Qc6 14. Re1 Nbd7 15.
Ra2 Rad8 16. Rf2 Nf8 17. Bc2 h5 18. Bb2 g6 19. Qb1 Bb7 20. Rfe2 Ba6 21. Rf2 Bb7
22. Bd3 Re7 23. Rfe2 Rde8 24. Nf1 h4 25. Nd2 Ne6 26. Nf1 Kg7 27. Bc1 Qc8 28. Bb2
Ba6 29. Qd1 Qb7 30. Qd2 Bxd3 31. Qxd3 c4 32. Qc2 b5 33. Bc1 a5 34. e4 b4 35.
axb4 axb4 36. Qd2 bxc3 37. Qh6+ Kg8 38. Qxh4 Nh5 39. exd5 Qxd5 40. Re5 Qb7 41.
d5 Nhg7 42. dxe6 Rxe6 43. Rxe6 Nxe6 44. Qxc4 Rc8 45. Qe4 Qb3 46. Ne3 Qb6 47. Kh1
Rd8 48. Qc4 Qa5 49. Nc2 Rd7 50. Rxe6 fxe6 51. Qxe6+ Rf7 52. Qxg6+ Rg7 53. Qe8+
Kh7 54. Qe4+ Kg8 55. h4 Qc7 56. Bg5 Qf7 57. Qe5 Qb3 58. Qe8+ Kh7 59. Qe4+ Kg8
60. Bf6 Rf7 61. Qe8+ Kh7 62. Qh8+ Kg6 63. h5+ 1-0